| 000 | nam a22 a 4500 | ||
|---|---|---|---|
| 999 |
_c156 _d156 |
||
| 003 | AKMAL | ||
| 005 | 20170421102310.0 | ||
| 008 | 170421t1989 my d a00 may d | ||
| 020 | _a9836209794 | ||
| 040 | _aAKMAL | ||
| 082 | 0 | 4 | _a499.23 KAM |
| 090 | 0 | 0 |
_a499.23 _bKAM |
| 100 |
_aIskandar, Teuku _9383 |
||
| 245 |
_aKamus dewan / _cpenyusun Teuku Iskandar |
||
| 250 |
_aEd. baru / _b[editor] Sheikh Othman bin Syeikh Salim, Md Nor bin Hj. Ab. Ghani, Ibrahim bin Ahmad |
||
| 260 |
_aKuala Lumpur : _bDewan Bahasa dan Pustaka, _c1989 |
||
| 300 |
_axxxi, 1480ms. ; _c22cm. |
||
| 650 |
_aMalay language _vDictionaries _9339 |
||
| 700 | 0 |
_aOthman bin Sheikh Salim, _cSheikh _9384 |
|
| 942 |
_2ddc _cBOOK |
||